000 00417nam a2200145Ia 4500
008 230917s9999||||xx |||||||||||||| ||und||
040 _e171288
_aMAIN
041 _aEnglish
082 _a891.43301731 SS3S
100 _aशर्मा, श्रीराम
245 0 _aशिकार
260 _aनई दिल्ली
_bआर्य बुक डिपो
_c1982
300 _a139 पृ. p.
942 _cHN
999 _c38648
_d38648